LEADER 00741nam a2200205 i 4500 001 000000226986 003 CaOOAMICUS 005 20140211000000.0 008 140211s1857 it u000 u ita u 013 $a205888 040 $aSeMil$bita 245 10$aVol. 1. 300 $aXCIV, 605 p., [10] c. di tav. :$bill. 500 $aFondo Card. C.M. Martini. 773 0 $aSala, Aristide$tDocumenti circa la vita e le gesta di S. Carlo Borromeo.$dMilano : Boniardi-Pogliani di Ermenegildo Besozzi, 1857-1858.$g1$w()29434 850 $aSeMil 852 $aSeMil$W1$xVenegono$y1$m3G IV 61 FA$j177332$B177332$CSeMilBibl$Z2$F188126 $8I 941 1 $a4 961 $aOmaggio: Martini Card. Carlo Maria 996 $6245$aVol. 1$9(OLS)http://semarc/title/13429 LEADER 01092nam a2200265 i 4500 001 000000065854 003 CaOOAMICUS 005 20130103000000.0 008 130103s1994 it u000 u ita u 013 $a37026 020 $a88-859-8730-3 040 $aSeMil$bita 100 1 $aZorobabele.$0(OLS)http://semarc/name/33098 245 10$aDio cavalca un cherubino :$ble incredibili stravaganze della Bibbia /$cZorobabele. 260 $aMilano :$bBaldini&Castoldi,$ccopyr. 1994. 300 $a125 p. ;$c22 cm. 490 0 $aLe formiche ;$v30 650 4$aBibbia - Brani scelti.$0(OLS)http://semarc/subject/12836 830 3$aLe formiche ;$v30.$0(OLS)http://semarc/title/35556 850 $aSeMil 852 $aSeMil$W1$xVenegono$y1$m2W III 158$j32007$B32007$CSeMilBibl$Z2$F32010 $81 961 $aOmaggio: Aceti don Guido 996 $6020$a88-859-8730-3$9(OLS)http://semarc/number/43319 996 $6245$aDio cavalca un cherubino :$ble incredibili stravaganze della Bibbia$9(OLS)http://semarc/title/104606 996 $6260$aMilano :$bBaldini&Castoldi$9(OLS)http://semarc/publisher/31951